| 000 | 00867cam a2200205 4500 | ||
|---|---|---|---|
| 001 | ##L131834 | ||
| 008 | 051212n2003 000 0 eng u | ||
| 020 | _a1860816185 | ||
| 035 | _a(Sirsi) u131834 | ||
| 041 | 0 | _aeng | |
| 050 | 0 | 4 | _a697.04 $2 18 |
| 100 | 1 | _aBaker, Paul | |
| 245 | 0 | 0 | _aDynamic insulation for energy saving and comfort |
| 260 |
_aLondon _bBRE _c2003 |
||
| 300 |
_a8p _ill, graphs _c30cm |
||
| 490 | 0 |
_aBRE Information Paper _vIP 3/03 |
|
| 520 | _aDescribes what constitutes a dynamic insulation system and discusses the energy savings and practicalities of building with dynamic insulation, together with some of the design and buildability issues gained from practical experience. | ||
| 690 | _aBUILT ENVIRONMENT-BUILDING ELEMENTS-COMPLETE BUILDING SERVICES ELEMENTS-COMPLETE HEATING, VENTILATION AND AIR CONDITIONING SYSTEMS | ||
| 942 | _n0 | ||
| 999 |
_c104860 _d104860 |
||